[Event "ICS rated blitz match"]
[Site "204.178.125.65"]
[Date "2000.02.13"]
[Round "?"]
[White "Hossa"]
[Black "Amateur"]
[Result "0-1"]
[WhiteElo "2433"]
[BlackElo "2433"]
[PlyCount "146"]

1. e4 e6 2. d4 d5 3. Nc3 Nf6 4. e5 Nfd7 5. f4 c5 6. Nf3 Nc6 7. Be3 cxd4 8. Nxd4
Bc5 9. Qd2 O-O 10. O-O-O a6 11. h4 Bxd4 12. Bxd4 b5 13. Be3 Qa5 14. Kb1 Bb7 15.
Ne2 Rac8 16. Qxa5 Nxa5 17. Nd4 Rfd8 18. h5 Nc4 19. Bc1 Nc5 20. h6 Ne4 21. Re1
Ncd2+ 22. Bxd2 Nxd2+ 23. Kc1 Nxf1 24. Rexf1 Rc4 25. Rd1 gxh6 26. f5 exf5 27.
Nxf5 Bc8 28. Ne7+ Kg7 29. Rxd5 Rxd5 30. Nxd5 Rc5 31. Ne3 Rxe5 32. Kd2 Kg6 33.
c4 bxc4 34. Nxc4 Rg5 35. Rg1 Be6 36. b3 h5 37. Ke3 Bxc4 38. bxc4 Rg3+ 39. Ke2
a5 40. c5 Rc3 41. Rb1 Rxc5 42. Kd3 h4 43. Re1 Rg5 44. Re8 Rg3+ 45. Kd4 Kf6 46.
Re2 h3 47. gxh3 Rxh3 48. Kc5 h5 49. Kb6 Ra3 50. Rf2+ Kg6 51. Rg2+ Kf5 52. Rf2+
Kg5 53. Rg2+ Kf4 54. Kb5 h4 55. Rd2 h3 56. Rf2+ Kg3 57. Rxf7 h2 58. Rg7+ Kh3
59. Rh7+ Kg2 60. Rg7+ Rg3 61. Rh7 Rh3 62. Rg7+ Kf2 63. Rf7+ Ke2 64. Re7+ Kd2
65. Rd7+ Kc2 66. Rc7+ Kb2 67. Rc5 h1=Q 68. Rc2+ Kxc2 69. Kc5 Qg1+ 70. Kd5 Rh5+
71. Ke4 Qg4+ 72. Ke3 Rh2 73. a3 Re2# 0-1

[Event "ICS rated blitz match"]
[Site "204.178.125.65"]
[Date "2000.02.13"]
[Round "?"]
[White "j724"]
[Black "Hossa"]
[Result "1/2-1/2"]
[WhiteElo "2078"]
[BlackElo "2417"]
[PlyCount "72"]

1. d4 d5 2. Nf3 Nf6 3. Bf4 Bf5 4. e3 e6 5. Nbd2 Nbd7 6. h3 Bd6 7. Ne5 O-O 8. g4
Be4 9. f3 Bg6 10. h4 h6 11. Nxg6 fxg6 12. Bxd6 cxd6 13. Bd3 Qe8 14. Qe2 e5 15.
O-O-O Rc8 16. c3 e4 17. Bc2 exf3 18. Qxf3 Ne4 19. Qg2 Rf2 20. Qh3 Qe6 21. Nxe4
dxe4 22. Bb3 d5 23. Rdf1 Rcf8 24. Rxf2 Rxf2 25. Rf1 Rf6 26. Qg2 Qf7 27. Rxf6
Nxf6 28. g5 hxg5 29. hxg5 Ne8 30. Qh3 Nd6 31. Qg3 Qf1+ 32. Kd2 Qd3+ 33. Kc1
Qf1+ 34. Kd2 Qd3+ 35. Kc1 Qf1+ 36. Kd2 Qd3+ 1/2-1/2

[Event "ICS rated blitz match"]
[Site "204.178.125.65"]
[Date "2000.02.13"]
[Round "?"]
[White "Hossa"]
[Black "lwalter"]
[Result "1-0"]
[WhiteElo "2405"]
[BlackElo "2194"]
[PlyCount "56"]

1. e4 c5 2. Nf3 d6 3. d4 cxd4 4. Nxd4 Nf6 5. Nc3 a6 6. Bg5 e6 7. f4 Be7 8. Qf3
h6 9. Bh4 Qc7 10. O-O-O Nbd7 11. Bd3 g5 12. fxg5 Ne5 13. Qe2 Nfg4 14. Nf3 hxg5
15. Bxg5 Bxg5+ 16. Nxg5 Qc5 17. Nh3 b5 18. Qd2 Bd7 19. Rde1 b4 20. Ne2 Rxh3 21.
gxh3 Nf2 22. Kb1 Nxh1 23. Rxh1 Bb5 24. Rd1 Rc8 25. Bxb5+ axb5 26. Nf4 Nf3 27.
Qg2 Nd4 28. Qf2 Qe5 1-0

[Event "ICS rated blitz match"]
[Site "204.178.125.65"]
[Date "2000.02.13"]
[Round "?"]
[White "master-tal"]
[Black "Hossa"]
[Result "1-0"]
[WhiteElo "2668"]
[BlackElo "2412"]
[PlyCount "79"]

1. e4 e5 2. Nf3 Nc6 3. Bb5 Nf6 4. O-O Bc5 5. c3 O-O 6. d4 Bb6 7. Bg5 exd4 8. e5
h6 9. Bh4 g5 10. Bg3 dxc3 11. Nxc3 Nh5 12. Qd3 Nxg3 13. hxg3 d6 14. Qe4 Nxe5
15. Nxe5 dxe5 16. Rad1 Bd4 17. Bc4 Kh8 18. Nb5 f5 19. Qe2 c5 20. Nxd4 exd4 21.
Qe5+ Rf6 22. Qxc5 Rd6 23. Qe5+ Kh7 24. Rfe1 a6 25. a4 a5 26. Rd2 h5 27. f4 gxf4
28. gxf4 Qd7 29. Rd3 h4 30. Rh3 Qd8 31. g4 Rc6 32. g5 Rh6 33. gxh6 Qf8 34. Qc7+
Kg6 35. Re7 Bd7 36. Qd6+ Be6 37. Qxe6+ Qf6 38. Rg7+ Kh5 39. Qxf6 b5 40. Qxh4#
1-0

[Event "ICS rated standard match"]
[Site "204.178.125.65"]
[Date "2000.02.13"]
[Round "?"]
[White "SPIKE-1"]
[Black "Hossa"]
[Result "1-0"]
[WhiteElo "2620"]
[BlackElo "2314"]
[PlyCount "163"]

1. d4 d5 2. c4 e6 3. Nc3 Nf6 4. Bg5 Be7 5. e3 O-O 6. Nf3 Nbd7 7. Rc1 c6 8. Bd3
dxc4 9. Bxc4 Nd5 10. Bxe7 Qxe7 11. Ne4 N5f6 12. Nxf6+ Qxf6 13. O-O e5 14. e4
exd4 15. Qxd4 Qxd4 16. Nxd4 Rd8 17. Rfd1 Ne5 18. Be2 Ng6 19. f3 Bd7 20. Kf2 a5
21. Rc2 a4 22. Rcd2 a3 23. bxa3 Rdb8 24. Nb5 Be6 25. Nc7 Rxa3 26. Nxe6 fxe6 27.
Bc4 Nf8 28. Bb3 c5 29. Rd3 Raa8 30. Rc1 Rc8 31. a4 g5 32. Rd6 Kf7 33. Rb6 Rc7
34. Ke3 Kf6 35. Rc3 h5 36. h3 h4 37. Rc1 Ra5 38. Rc2 Ke5 39. Rc3 Ra8 40. Rc1
Ra6 41. Rxa6 bxa6 42. Bc4 Rc6 43. a5 Kf6 44. Rb1 Nd7 45. Kd2 Rd6+ 46. Kc3 Ke7
47. Rb7 Kd8 48. Ra7 Nb8 49. Rg7 Nc6 50. Bxa6 Nxa5 51. Bd3 c4 52. Bc2 Nc6 53.
Rxg5 Nd4 54. Rg4 e5 55. Rxh4 Rg6 56. Rg4 Ra6 57. Rg5 Ra3+ 58. Kb2 Ra5 59. Bd1
Kc7 60. f4 Rb5+ 61. Kc3 Rb1 62. Ba4 Ne2+ 63. Kxc4 Rc1+ 64. Kd5 exf4 65. Bb3 f3
66. gxf3 Rc3 67. Rg7+ Kb6 68. Bc4 Nf4+ 69. Kd4 Rxf3 70. h4 Ra3 71. Rf7 Ng2 72.
h5 Ne1 73. h6 Nf3+ 74. Kd5 Ra5+ 75. Kd6 Ne5 76. Be6 Nxf7+ 77. Bxf7 Ra3 78. h7
Rh3 79. Bg6 Kb5 80. e5 Rh6 81. e6 Kb4 82. Kd5 1-0

[Event "ICS rated blitz match"]
[Site "204.178.125.65"]
[Date "2000.02.13"]
[Round "?"]
[White "Hossa"]
[Black "PackMaster"]
[Result "1/2-1/2"]
[WhiteElo "2406"]
[BlackElo "2470"]
[PlyCount "191"]

1. e4 e5 2. Nf3 d6 3. d4 exd4 4. Nxd4 Nf6 5. Nc3 Be7 6. Bc4 O-O 7. Bf4 Bg4 8.
f3 Bc8 9. Qd2 Nh5 10. Be3 c5 11. Nde2 Be6 12. Bd5 Qd7 13. O-O-O Nf6 14. Bf4 Rd8
15. g4 Nc6 16. g5 Nh5 17. Be3 Ne5 18. Rhf1 Qc7 19. Rf2 Nc4 20. Bxc4 Bxc4 21.
Nd5 Bxd5 22. Qxd5 c4 23. Rd4 Rac8 24. Nc3 Re8 25. Rfd2 Qb6 26. Qf5 Qc5 27. Qg4
g6 28. R4d3 Qc6 29. Rd5 a6 30. Qh3 Bf8 31. f4 b5 32. a3 Rb8 33. f5 b4 34. axb4
Rxb4 35. Na2 Rbb8 36. Qg4 Qd7 37. Bd4 Qa4 38. Kb1 Qd7 39. Qf3 Qe7 40. fxg6 fxg6
41. Rf2 Ng7 42. Nc3 Qb7 43. Na4 Ne6 44. Bb6 Qc6 45. Ra5 Bg7 46. Qf7+ Kh8 47.
Rxa6 Qxe4 48. h4 Rf8 49. Qa7 Nf4 50. Ra5 Ra8 51. Rxf4 Qe1+ 52. Ka2 Rxa7 53.
Rxf8+ Bxf8 54. Rxa7 Qxh4 55. Nc3 Kg8 56. Be3 Qh1 57. Bd2 Qg2 58. Nb1 Qe4 59. c3
d5 60. Ra6 d4 61. cxd4 Qxd4 62. Ra5 Be7 63. b3 cxb3+ 64. Kxb3 Bd8 65. Rb5 Qd3+
66. Nc3 Qxd2 67. Rd5 Qxd5+ 68. Nxd5 Bxg5 69. Kc2 h5 70. Kd3 h4 71. Ke2 Kf7 72.
Kf3 Ke6 73. Nc3 Kf5 74. Nb5 Be7 75. Nd4+ Ke5 76. Nc2 Bd8 77. Kg4 Ke4 78. Ne1
Bf6 79. Ng2 Bg5 80. Ne1 h3 81. Kxh3 Kf5 82. Nf3 Kf4 83. Nxg5 Kxg5 84. Kg3 Kf5
85. Kf3 g5 86. Kg3 g4 87. Kg2 Kf4 88. Kf2 g3+ 89. Kg2 Kg4 90. Kg1 Kf3 91. Kf1
Kf4 92. Kg1 Kg4 93. Kg2 Kf4 94. Kg1 Kf3 95. Kf1 Kf4 96. Kg1 1/2-1/2

[Event "ICS rated blitz match"]
[Site "204.178.125.65"]
[Date "2000.02.13"]
[Round "?"]
[White "Hossa"]
[Black "Amateur"]
[Result "1-0"]
[WhiteElo "2400"]
[BlackElo "2459"]
[PlyCount "157"]

1. e4 e5 2. Nf3 Nc6 3. Bb5 Nf6 4. O-O Nxe4 5. d4 Nd6 6. Bxc6 bxc6 7. dxe5 Nf5
8. Bg5 Be7 9. Bxe7 Nxe7 10. c4 O-O 11. Nc3 d5 12. exd6 cxd6 13. Re1 Rb8 14. Re2
Bg4 15. Qd3 d5 16. Rd1 Ng6 17. Qe3 Qf6 18. cxd5 Nf4 19. Ree1 cxd5 20. Nxd5 Nxd5
21. Rxd5 Bxf3 22. Qxf3 Qxf3 23. gxf3 Rxb2 24. Ra5 Rb7 25. Rae5 f6 26. Re7 Rfb8
27. Rxb7 Rxb7 28. Re8+ Kf7 29. Ra8 Ke6 30. Kg2 f5 31. f4 Rc7 32. h3 Kd5 33. a4
Kc4 34. Rb8 g6 35. Kf3 Rd7 36. Ke2 Rd6 37. Rb7 Ra6 38. Rxh7 Rxa4 39. Rg7 Ra6
40. Kf3 Kd4 41. Rd7+ Kc4 42. Rg7 Kd5 43. h4 Kc5 44. Rc7+ Kd4 45. Rd7+ Kc5 46.
Rc7+ Kd6 47. Rg7 Kd5 48. Kg3 Ke4 49. Re7+ Kd5 50. Rg7 Kd4 51. Rd7+ Kc3 52. Rf7
Kd4 53. Rd7+ Ke4 54. Re7+ Kd3 55. Rg7 Kc4 56. Rc7+ Kd3 57. Rg7 Kc3 58. Rf7 Kb4
59. h5 gxh5 60. Rxf5 Rh6 61. Kh4 Rh8 62. Rxh5 Rxh5+ 63. Kxh5 Kc4 64. f5 Kc5 65.
Kg6 Kc6 66. f6 Kd7 67. f7 Ke7 68. Kg7 Ke6 69. f4 Kd5 70. f5 a5 71. f6 Kc4 72.
Kg8 Kb3 73. f8=Q a4 74. Qa8 Ka3 75. f7 Kb2 76. Qxa4 Kb1 77. f8=Q Kc1 78. Qf2
Kb1 79. Qd1# 1-0

[Event "ICS rated blitz match"]
[Site "204.178.125.65"]
[Date "2000.02.13"]
[Round "?"]
[White "Hossa"]
[Black "joejan"]
[Result "1-0"]
[WhiteElo "2419"]
[BlackElo "2283"]
[PlyCount "73"]

1. e4 c5 2. Nf3 d6 3. d4 cxd4 4. Nxd4 Nf6 5. Nc3 a6 6. Bg5 e6 7. f4 h6 8. Bh4
Be7 9. Qf3 Qc7 10. Be2 Nbd7 11. O-O-O O-O 12. g4 b5 13. Rhf1 Bb7 14. g5 hxg5
15. fxg5 Ne8 16. g6 Ne5 17. gxf7+ Rxf7 18. Qh5 Qd7 19. Rxf7 Nxf7 20. Rf1 Bxh4
21. Qxh4 Nf6 22. Rxf6 gxf6 23. Qxf6 Re8 24. Bg4 Bc8 25. Nf3 Qe7 26. Qg6+ Kf8
27. Bh5 Bd7 28. Ne2 Rc8 29. Nf4 Ne5 30. Qg3 Qf6 31. Nxe5 dxe5 32. Ng6+ Ke8 33.
Nxe5+ Kd8 34. Nf7+ Ke7 35. Qd6+ Ke8 36. Ne5+ Kd8 37. Qxd7# 1-0

[Event "ICS rated blitz match"]
[Site "204.178.125.65"]
[Date "2000.02.13"]
[Round "?"]
[White "Amateur"]
[Black "Hossa"]
[Result "1-0"]
[WhiteElo "2440"]
[BlackElo "2429"]
[PlyCount "175"]

1. d4 d5 2. c4 e6 3. Nc3 Nf6 4. cxd5 exd5 5. Bg5 Be7 6. e3 O-O 7. Bd3 c6 8. Nf3
Nbd7 9. O-O Re8 10. Rc1 Ng4 11. Bf4 Nf8 12. h3 Nf6 13. Ng5 Qb6 14. Qc2 Ng6 15.
Be5 Nh5 16. Nf3 Nf6 17. Na4 Qa5 18. a3 Bd7 19. Ng5 Rf8 20. b4 Qd8 21. Bxg6 hxg6
22. Nc5 Bc8 23. Qb3 Nd7 24. Nce6 Nc5 25. bxc5 fxe6 26. Nf3 Rf5 27. Nh2 Qf8 28.
Ng4 Rh5 29. Rc2 Qf5 30. Bd6 Bd8 31. a4 Ba5 32. Ne5 Rh6 33. Be7 Qh5 34. Rb1 Bc7
35. Bd6 Bd8 36. Ng4 Rh8 37. Re1 Qf5 38. Rd1 Rh4 39. Ra1 Bf6 40. Rb1 Rh5 41.
Nxf6+ Qxf6 42. Qc3 Qh4 43. Rcb2 Qg5 44. Bf4 Qd8 45. Qd3 Qf6 46. Qf1 Rh4 47. Bg3
Rh6 48. Be5 Qf7 49. Rb3 Rh4 50. f3 g5 51. Qe1 g6 52. Qa5 Qe8 53. Bf6 Rh5 54.
Qc3 Qf8 55. Be5 Rh4 56. Qa5 Qe8 57. R3b2 Rh5 58. Rc1 Qf8 59. Rc3 Rh4 60. Rcb3
Rh7 61. Qd2 Qh6 62. Qc2 Qh5 63. Qd3 Rf7 64. Rc2 Rf8 65. Rc1 Qh6 66. Rc2 Qh7 67.
Rc1 Qh5 68. Qd2 Rf7 69. Qa5 Rd7 70. Bb8 b5 71. axb5 Rf7 72. bxc6 a6 73. Be5 Qh6
74. Rcb1 g4 75. hxg4 Qg5 76. Qa4 Qh4 77. c7 Rf8 78. Rb8 Qh6 79. Rxa8 Qxe3+ 80.
Kh2 Qh6+ 81. Kg3 g5 82. Kf2 a5 83. Rxc8 Rxc8 84. Qd7 Rf8 85. Rh1 a4 86. Rxh6
Rxf3+ 87. gxf3 Kf8 88. c8=Q# 1-0

[Event "ICS rated bullet match"]
[Site "204.178.125.65"]
[Date "2000.02.13"]
[Round "?"]
[White "Hossa"]
[Black "BountyHunter"]
[Result "0-1"]
[WhiteElo "2479"]
[BlackElo "2733"]
[PlyCount "106"]

1. e4 e5 2. Nf3 Nf6 3. Nxe5 d6 4. Nxf7 Kxf7 5. d4 c5 6. dxc5 Nc6 7. Bc4+ Be6 8.
Bxe6+ Kxe6 9. O-O d5 10. e5 Ne4 11. Qg4+ Kf7 12. Qf5+ Ke8 13. Nc3 Nd4 14. Qh5+
g6 15. Qd1 Nxc3 16. bxc3 Ne6 17. Rb1 Rb8 18. Qf3 Bxc5 19. c4 Nd4 20. Qxd5 Ne2+
21. Kh1 Qxd5 22. cxd5 Nc3 23. Rb3 Nxd5 24. Be3 Nxe3 25. fxe3 Ke7 26. e4 Ke6 27.
Rd3 Rhf8 28. Rfd1 Rf4 29. Re1 Rbf8 30. g3 Rf1+ 31. Rxf1 Rxf1+ 32. Kg2 Rf2+ 33.
Kh3 Rxc2 34. Rd5 b6 35. Kg4 Rxa2 36. h3 h5+ 37. Kg5 Rd2 38. Rxd2 Be3+ 39. Kxg6
Bxd2 40. Kxh5 a5 41. g4 a4 42. g5 Bc3 43. g6 Bxe5 44. g7 Bxg7 45. Kg6 a3 46. h4
a2 47. Kg5 b5 48. Kg6 a1=Q 49. Kg5 Qg1+ 50. Kf4 Qf2+ 51. Kg4 Qg2+ 52. Kh5 Qxe4
53. Kg5 Qf5# 0-1

[Event "ICS rated bullet match"]
[Site "204.178.125.65"]
[Date "2000.02.13"]
[Round "?"]
[White "BountyHunter"]
[Black "Hossa"]
[Result "1-0"]
[WhiteElo "2739"]
[BlackElo "2473"]
[PlyCount "121"]

1. e4 e5 2. Nc3 Nf6 3. f4 d5 4. fxe5 Nxe4 5. Nf3 Be7 6. d4 O-O 7. Bd3 f5 8.
exf6 Bxf6 9. O-O Nc6 10. Be3 Bf5 11. Qe1 Qd7 12. Nd2 Rae8 13. Nxd5 Bxd4 14.
Bxd4 Nxd2 15. Qxd2 Qxd5 16. Bxg7 Kxg7 17. Qg5+ Kh8 18. Rxf5 Rxf5 19. Qxf5 Qxf5
20. Bxf5 Re5 21. Rf1 Kg7 22. a3 Nd4 23. Bd3 h5 24. Kf2 Nf5 25. Re1 Rxe1 26.
Kxe1 Kf6 27. g3 c5 28. Kd2 Nd4 29. Be4 b5 30. c3 Nf5 31. Bf3 Kg5 32. Kd3 c4+
33. Ke4 Nd6+ 34. Kd4 Nf5+ 35. Kc5 a6 36. Bb7 a5 37. Bf3 h4 38. Kxb5 hxg3 39.
hxg3 Nxg3 40. Kxa5 Nf5 41. Be2 Ne3 42. a4 Kf6 43. Kb6 Ke5 44. a5 Kd6 45. a6
Nd5+ 46. Kb7 Nf4 47. Bxc4 Kc5 48. b3 Kd6 49. a7 Ke5 50. a8=Q Ke4 51. Qe8+ Kf5
52. Be2 Nxe2 53. Qxe2 Kf6 54. c4 Kf5 55. c5 Kf6 56. c6 Kf5 57. c7 Kg5 58. c8=Q
Kf6 59. Qee6+ Kg5 60. Qg4+ Kf6 61. Qce6# 1-0

[Event "ICS rated blitz match"]
[Site "204.178.125.65"]
[Date "2000.02.13"]
[Round "?"]
[White "Tinker"]
[Black "Hossa"]
[Result "1-0"]
[WhiteElo "2353"]
[BlackElo "2414"]
[PlyCount "125"]

1. e4 e5 2. Nf3 Nc6 3. Bb5 Nf6 4. Bxc6 dxc6 5. O-O Bg4 6. h3 Bh5 7. Re1 Nd7 8.
d4 Bxf3 9. Qxf3 exd4 10. Bf4 g5 11. Bg3 Bg7 12. Qa3 h5 13. Nd2 g4 14. Bf4 Be5
15. Bxe5 Nxe5 16. Rad1 b6 17. Nf1 c5 18. Qb3 Qf6 19. Qd5 c6 20. Qb3 Rg8 21.
hxg4 Nxg4 22. Re2 h4 23. Qh3 Qg5 24. Rde1 Rg6 25. e5 c4 26. e6 d3 27. exf7+
Kxf7 28. cxd3 a6 29. dxc4 Kg8 30. Nd2 Rf8 31. Nf3 Rxf3 32. Qxf3 Rg7 33. Qxc6
Nf6 34. Re6 Ng4 35. Qa8+ Kh7 36. Qe4+ Kh8 37. Rxb6 Nf6 38. Qf3 Rf7 39. Rxa6 Kg7
40. Rd6 h3 41. Qxh3 Rb7 42. Rd3 Qh5 43. Qxh5 Nxh5 44. b3 Nf4 45. Rde3 Rf7 46.
a4 Kh6 47. a5 Rg7 48. g3 Rg6 49. a6 Rg8 50. b4 Nh5 51. Re8 Rg7 52. R1e7 Nf6 53.
Rh8+ Kg6 54. Rxg7+ Kxg7 55. Rd8 Ne4 56. a7 Ng5 57. a8=Q Nh3+ 58. Kg2 Ng5 59.
Rg8+ Kf6 60. Qd8+ Ke5 61. Rg6 Kf5 62. Qxg5+ Ke4 63. Qd5# 1-0

[Event "ICS rated blitz match"]
[Site "204.178.125.65"]
[Date "2000.02.13"]
[Round "?"]
[White "Hossa"]
[Black "scriabin"]
[Result "0-1"]
[WhiteElo "2395"]
[BlackElo "2377"]
[PlyCount "136"]

1. e4 c5 2. Nf3 e6 3. d4 cxd4 4. Nxd4 Qb6 5. Nc3 Bc5 6. Be3 Nc6 7. Ndb5 Bxe3 8.
fxe3 Qxe3+ 9. Be2 Kf8 10. Qd6+ Nge7 11. Qg3 Qxg3+ 12. hxg3 Ng6 13. O-O-O Ke7
14. Nd6 Nge5 15. Ncb5 a6 16. Nc3 b5 17. Kb1 f6 18. a4 b4 19. Na2 Nf7 20. Nxc8+
Raxc8 21. Bxa6 Rc7 22. Bb5 Nfe5 23. b3 h6 24. g4 Rhc8 25. Bxc6 Nxc6 26. c3 bxc3
27. Nxc3 Ne5 28. Nb5 Rc2 29. g5 fxg5 30. g3 Rg2 31. Rdg1 Rxg1+ 32. Rxg1 h5 33.
Rh1 g6 34. Rh2 Rb8 35. Kc2 Nf3 36. Rf2 g4 37. Kc3 g5 38. Rg2 d6 39. Kb4 d5 40.
exd5 exd5 41. Kc5 d4 42. b4 d3 43. Nd6 d2 44. Nf5+ Kf6 45. Ne3 Re8 46. Nd1 Re1
47. Nb2 Rb1 48. Rxd2 Nxd2 49. Nd3 Ne4+ 50. Kc6 Nxg3 51. a5 h4 52. a6 h3 53. a7
Ra1 54. Nf2 Kf5 55. Kb7 Ne4 56. Nxe4 Kxe4 57. a8=Q Rxa8 58. Kxa8 h2 59. b5 h1=Q
60. b6 Ke5+ 61. Ka7 g3 62. Ka6 Qa8+ 63. Kb5 Qb7 64. Kc4 g2 65. Kb3 g1=Q 66. Kc2
Qbxb6 67. Kd3 Qge3+ 68. Kc4 Qbc5# 0-1

[Event "ICS rated blitz match"]
[Site "204.178.125.65"]
[Date "2000.02.14"]
[Round "?"]
[White "Hossa"]
[Black "blackbear2"]
[Result "1-0"]
[WhiteElo "2385"]
[BlackElo "2187"]
[PlyCount "60"]

1. e4 c5 2. Nf3 d6 3. d4 cxd4 4. Nxd4 Nf6 5. Nc3 g6 6. Be3 Bg7 7. f3 O-O 8. Qd2
Nc6 9. Bc4 Bd7 10. O-O-O Rc8 11. Bb3 Ne5 12. h4 h5 13. Bg5 Nc4 14. Qe2 b5 15.
Ncxb5 Bxb5 16. Nxb5 Na5 17. e5 Nxb3+ 18. axb3 Qa5 19. exf6 exf6 20. Be3 Qa1+
21. Kd2 Qxb2 22. Qd3 f5 23. Ra1 Qe5 24. Rxa7 Qg3 25. Rg1 f4 26. Bd4 Qxh4 27.
Nxd6 Rcd8 28. Ra6 Rd7 29. Bxg7 Qf2+ 30. Qe2 Qxg1 1-0

[Event "ICS rated blitz match"]
[Site "204.178.125.65"]
[Date "2000.02.14"]
[Round "?"]
[White "Hossa"]
[Black "leskovar"]
[Result "1-0"]
[WhiteElo "2393"]
[BlackElo "2394"]
[PlyCount "83"]

1. e4 e5 2. Nf3 d6 3. d4 exd4 4. Nxd4 g6 5. Nc3 Bg7 6. Be3 Nf6 7. Qd2 O-O 8.
O-O-O Nc6 9. f3 Nxd4 10. Bxd4 Be6 11. Be3 Re8 12. Bh6 Bh8 13. g3 a6 14. Bg2 b5
15. Kb1 b4 16. Ne2 a5 17. Nd4 Bd7 18. g4 c5 19. Nf5 Bxf5 20. gxf5 Ra6 21. fxg6
hxg6 22. Rhg1 Nh7 23. Qe2 Qf6 24. Bc1 Rb6 25. Bh3 a4 26. Bd7 Ra8 27. Qc4 a3 28.
Qd5 Rba6 29. Bc6 axb2 30. Bxa8 bxc1=Q+ 31. Kxc1 Qf4+ 32. Kb1 Qf6 33. e5 Qxe5
34. Rxg6+ Kf8 35. Qxe5 Bxe5 36. Rh6 Nf6 37. Bb7 Ra7 38. Bd5 Ke7 39. h4 Ra3 40.
Bb3 Ra8 41. Re1 Kf8 42. Rxe5 1-0

[Event "ICS rated bullet match"]
[Site "204.178.125.65"]
[Date "2000.02.14"]
[Round "?"]
[White "strangersa"]
[Black "Hossa"]
[Result "0-1"]
[WhiteElo "2089"]
[BlackElo "2467"]
[PlyCount "42"]

1. e4 e5 2. Nf3 Nc6 3. Bc4 Nf6 4. Ng5 d5 5. exd5 Na5 6. Bb5+ c6 7. dxc6 bxc6 8.
Qf3 Rb8 9. Bd3 h6 10. Ne4 Nd5 11. Nbc3 Nb4 12. O-O Nxd3 13. cxd3 Ba6 14. b4
Bxb4 15. a3 Nb3 16. Rb1 Bxc3 17. dxc3 Bxd3 18. Rxb3 Rxb3 19. Rd1 Rb1 20. Nc5 e4
21. Qxd3 exd3 0-1

[Event "ICS rated bullet match"]
[Site "204.178.125.65"]
[Date "2000.02.14"]
[Round "?"]
[White "Hossa"]
[Black "strangersa"]
[Result "1-0"]
[WhiteElo "2470"]
[BlackElo "2086"]
[PlyCount "67"]

1. e4 c6 2. d4 d5 3. Nc3 dxe4 4. Nxe4 Nf6 5. Nxf6+ gxf6 6. c3 Rg8 7. Qh5 h6 8.
Bc4 e6 9. g3 b5 10. Bb3 f5 11. Be3 Qf6 12. O-O-O Bd7 13. Nf3 Bd6 14. Qxh6 Qxh6
15. Bxh6 a5 16. Rde1 a4 17. Bc2 Kd8 18. Ng5 Be8 19. Nxe6+ fxe6 20. Rxe6 Be7 21.
Rhe1 Ra7 22. Bf4 Na6 23. Bxf5 Bf7 24. Rxc6 Nc7 25. Rxc7 Rxc7 26. Bxc7+ Kxc7 27.
Rxe7+ Kd6 28. Rxf7 b4 29. Rd7+ Kc6 30. cxb4 a3 31. bxa3 Rb8 32. d5+ Kb5 33.
Bd3+ Ka4 34. Ra7# 1-0

[Event "ICS rated bullet match"]
[Site "204.178.125.65"]
[Date "2000.02.14"]
[Round "?"]
[White "strangersa"]
[Black "Hossa"]
[Result "0-1"]
[WhiteElo "2083"]
[BlackElo "2473"]
[PlyCount "34"]

1. e4 e5 2. Nf3 Nc6 3. Bb5 Nf6 4. Bxc6 dxc6 5. d3 Bd6 6. O-O O-O 7. Bg5 Bg4 8.
h3 Bh5 9. Nbd2 Qe7 10. Re1 Rad8 11. c4 Bb4 12. Qc2 Bxf3 13. gxf3 Qd7 14. Bxf6
gxf6 15. Re3 Bc5 16. Re2 Qxh3 17. Nb3 Kh8 0-1

[Event "ICS rated bullet match"]
[Site "204.178.125.65"]
[Date "2000.02.14"]
[Round "?"]
[White "Hossa"]
[Black "strangersa"]
[Result "1-0"]
[WhiteElo "2476"]
[BlackElo "2080"]
[PlyCount "63"]

1. e4 d5 2. exd5 Qxd5 3. Nc3 Qd8 4. Nf3 Nf6 5. Bc4 c6 6. O-O e6 7. d3 Be7 8.
Bg5 O-O 9. Re1 Nbd7 10. d4 a6 11. Qe2 b5 12. Bd3 Bb7 13. a4 Rc8 14. axb5 axb5
15. Ra7 Ba8 16. Rea1 h6 17. Bf4 Nd5 18. Nxd5 exd5 19. Bf5 Nf6 20. Bxc8 Re8 21.
Rxa8 Bd6 22. Be6 fxe6 23. Rxd8 Rxd8 24. Qxe6+ Kh8 25. Bxd6 Re8 26. Qf7 Rg8 27.
Ra7 Ng4 28. h3 Nf6 29. Bf8 Ne8 30. Qxe8 Kh7 31. Ng5+ Kh8 32. Bxg7# 1-0

[Event "ICS rated blitz match"]
[Site "204.178.125.65"]
[Date "2000.02.14"]
[Round "?"]
[White "Powerslave"]
[Black "Hossa"]
[Result "1-0"]
[WhiteElo "2604"]
[BlackElo "2428"]
[PlyCount "109"]

1. c4 e5 2. Nc3 Nf6 3. Nf3 Nc6 4. g3 Bb4 5. Bg2 O-O 6. O-O e4 7. Ne1 Bxc3 8.
dxc3 h6 9. Nc2 Re8 10. Bf4 Ne5 11. c5 b6 12. cxb6 axb6 13. Nd4 Ng6 14. Qd2 Nd5
15. Bxh6 gxh6 16. Qxh6 Qf6 17. Rfd1 Ne5 18. Qxf6 Nxf6 19. Nb5 Rd8 20. Nxc7 Ra7
21. Nd5 Nxd5 22. Rxd5 Re8 23. Bxe4 Nc4 24. Bf3 Nxb2 25. e3 Na4 26. Rc1 Nc5 27.
Rb1 Rxa2 28. Rxb6 Na4 29. Rg5+ Kf8 30. Rh6 d5 31. Rh8+ Ke7 32. Rxe8+ Kxe8 33.
Rg8+ Kd7 34. Bg4+ Kd6 35. Rxc8 Nb6 36. Rf8 Ra1+ 37. Kg2 Ke7 38. Rb8 Nc4 39.
Rb7+ Kf6 40. Bh5 Nd6 41. Rb6 Ke7 42. Bf3 Ke6 43. h4 Rc1 44. h5 Rxc3 45. h6 Ke5
46. Rb8 f5 47. h7 Nf7 48. Bh5 d4 49. Bxf7 Kf6 50. h8=Q+ Kxf7 51. Qh7+ Ke6 52.
Rb6+ Rc6 53. Rxc6+ Kd5 54. Qd7+ Ke5 55. Qxd4# 1-0

[Event "ICS rated blitz match"]
[Site "204.178.125.65"]
[Date "2000.02.14"]
[Round "?"]
[White "Hossa"]
[Black "iva"]
[Result "1-0"]
[WhiteElo "2422"]
[BlackElo "2477"]
[PlyCount "39"]

1. e4 d5 2. exd5 Nf6 3. Bb5+ Bd7 4. Bc4 b5 5. Bb3 Bg4 6. f3 Bc8 7. Qe2 a6 8. a4
b4 9. Qc4 a5 10. d6 cxd6 11. Qxf7+ Kd7 12. d4 Nc6 13. c3 Kc7 14. Ne2 Bd7 15.
O-O Bf5 16. cxb4 axb4 17. Qc4 d5 18. Bf4+ e5 19. Bxe5+ Kd7 20. Qb5 1-0

[Event "ICS rated blitz match"]
[Site "204.178.125.65"]
[Date "2000.02.14"]
[Round "?"]
[White "iva"]
[Black "Hossa"]
[Result "1/2-1/2"]
[WhiteElo "2458"]
[BlackElo "2441"]
[PlyCount "56"]

1. d4 d5 2. c4 e6 3. Nc3 Nf6 4. Nf3 Bb4 5. Bg5 dxc4 6. e4 c5 7. Bxc4 cxd4 8.
Nxd4 Bxc3+ 9. bxc3 Qa5 10. Bxf6 Qxc3+ 11. Qd2 Qxa1+ 12. Ke2 Qxh1 13. Nxe6 Nc6
14. Nxg7+ Kf8 15. Qd6+ Kg8 16. Nf5 Bxf5 17. exf5 Qxg2 18. Bxf7+ Kxf7 19. Qe6+
Kf8 20. Qd6+ Ne7 21. Qxe7+ Kg8 22. Qe6+ Kf8 23. Be7+ Kg7 24. Qf6+ Kg8 25. Qe6+
Kg7 26. Qf6+ Kg8 27. Qe6+ Kg7 28. Qf6+ Kg8 1/2-1/2

[Event "ICS rated bullet match"]
[Site "204.178.125.65"]
[Date "2000.02.14"]
[Round "?"]
[White "Powerslave"]
[Black "Hossa"]
[Result "0-1"]
[WhiteElo "2181"]
[BlackElo "2479"]
[PlyCount "117"]

1. d4 d5 2. c4 e6 3. Nc3 Nf6 4. Nf3 Bb4 5. Bg5 dxc4 6. e4 c5 7. e5 cxd4 8. Nxd4
Qa5 9. exf6 Bxc3+ 10. bxc3 Qxg5 11. fxg7 Qxg7 12. Qf3 Nd7 13. Bxc4 O-O 14. Be2
Ne5 15. Qh3 Ng6 16. Rb1 Nf4 17. Qg3 e5 18. Nf3 Nxg2+ 19. Kf1 Nf4 20. Qxg7+ Kxg7
21. Rg1+ Kf6 22. Ng5 Ke7 23. Bc4 h5 24. Rb5 f6 25. Ne4 Ne6 26. Bxe6 Kxe6 27.
Nc5+ Kd6 28. Ne4+ Kc6 29. Rc5+ Kb6 30. Rd5 Bf5 31. Rd6+ Kb5 32. Rd5+ Ka4 33.
Nc5+ Ka3 34. Nxb7 Kxa2 35. c4 Kb3 36. Nd6 Be6 37. Rb5+ Kc3 38. Rg3+ Kd4 39. Ke1
Rfb8 40. Re3 Rb6 41. Re4+ Kd3 42. Re3+ Kc2 43. Ne4 Rxb5 44. cxb5 Rf8 45. Rc3+
Kb2 46. Rc7 Bd5 47. Nc5 Rf7 48. Rxf7 Bxf7 49. Nd7 Bc4 50. b6 axb6 51. Nxf6 h4
52. Nd7 b5 53. Nxe5 Kc3 54. f4 Kd4 55. Nxc4 Kxc4 56. f5 Kd5 57. Ke2 Ke5 58. f6
Kxf6 59. Kf2 0-1

[Event "ICS rated blitz match"]
[Site "204.178.125.65"]
[Date "2000.02.14"]
[Round "?"]
[White "Hossa"]
[Black "Powerslave"]
[Result "0-1"]
[WhiteElo "2442"]
[BlackElo "2599"]
[PlyCount "116"]

1. e4 e5 2. Nf3 Nc6 3. Bb5 a6 4. Ba4 f5 5. d4 exd4 6. e5 Bc5 7. O-O Nge7 8. Bb3
d5 9. exd6 Qxd6 10. Re1 h6 11. Nbd2 Qf6 12. Nc4 Be6 13. Rxe6 Qxe6 14. Nb6 Qd6
15. Nxa8 Kd7 16. Nxc7 Kxc7 17. Qe2 Kb8 18. Bc4 g5 19. Bxa6 bxa6 20. Qxa6 Qc7
21. Qc4 Qb6 22. Kh1 Rd8 23. a3 d3 24. b4 Bxf2 25. cxd3 Nd4 26. Nxd4 Bxd4 27.
Rb1 Rc8 28. Qf7 Qc7 29. Bd2 Qc2 30. Re1 Nc6 31. Bxg5 Qf2 32. Bh4 Qxh4 33. g3
Qh3 34. Qg6 Bf2 35. Rc1 Be3 36. Rb1 Ne7 37. Qd6+ Rc7 38. b5 Qg4 39. Kg2 Qe2+
40. Kh3 Nd5 41. Qd8+ Ka7 42. b6+ Bxb6 43. Qh4 Ne3 44. Qa4+ Kb7 45. Rxb6+ Kxb6
46. Qd4+ Kc6 47. Qc3+ Kd5 48. Qa5+ Kd4 49. Qb6+ Kxd3 50. Qd6+ Ke4 51. Qf4+ Kd5
52. g4 fxg4+ 53. Kh4 Ng2+ 54. Kh5 Nxf4+ 55. Kxh6 Qxh2+ 56. Kg5 Rg7+ 57. Kf5
Qc2+ 58. Kxf4 Qf2# 0-1